Knots and Surfaces

Αποθηκεύτηκε σε:
Λεπτομέρειες βιβλιογραφικής εγγραφής
Κύριος συγγραφέας: Gilbert, N. D.
Άλλοι συγγραφείς: Porter, Timothy 1947-
Μορφή: Βιβλίο
Γλώσσα:English
Δημοσίευση: Oxford : Oxford University Press, 1994
Θέματα:
Ετικέτες: Προσθήκη ετικέτας
Δεν υπάρχουν, Καταχωρήστε ετικέτα πρώτοι!

MARC

LEADER 00000nam a2200000 i 4500
001 1/51953
008 950927s1994 eng d
020 |a 0-19-853397-7 
035 |a 1995  |c ΤΣΑΠΟΓΑΣ  |l 10044287 
040 |a GR-MY-UA  |b gre  |e aacr 
041 0 |a eng 
082 0 |a 514.224 
100 1 |a Gilbert, N. D. 
245 1 0 |a Knots and Surfaces /  |c N.D. Gilbert, T. Porter 
260 |a Oxford :   |b Oxford University Press,   |c 1994 
300 |a 268 p.;  |c 24 cm. 
500 |a Includes bibliographical references and index 
650 0 0 |a Knot theory. 
650 0 0 |a Surfaces. 
700 1 |a Porter, Timothy  |d 1947- 
852 |a INST  |b SAMOS  |e 19950927  |h 514.224 GIL  |p 005300004808  |q 005300004808  |t BK  |y 0 
909 |a Σ  |b 042435